| 000 | 00657nam a22002057a 4500 | ||
|---|---|---|---|
| 003 | OSt | ||
| 005 | 20251121085232.0 | ||
| 008 | 251121b |||||||| |||| 00| 0 eng d | ||
| 020 | _a 9781680948059 | ||
| 040 |
_aDWCL-Main lib _cOC |
||
| 082 | _aCirc. 006.696 A598 2018 | ||
| 100 | _a3G ELEARNING FZ LLC | ||
| 245 |
_a Animation (3D Digital) : _badvanced/ |
||
| 260 |
_aUAE : _b3G E-learning, _cc2018. |
||
| 300 |
_av, 338 pages : _bcolor illustrations (chiefly color) ; _c30cm. |
||
| 504 | _aIncludes bibliographical references and index. | ||
| 650 | _a1. Computer animation | ||
| 650 | _a2. Computers-- effects | ||
| 942 |
_2ddc _cBK-CIRC _kCirc. _n0 |
||
| 999 |
_c5941 _d5941 |
||